[Event "15th EUR-ch (w)"]
[Site "Plovdiv BUL"]
[Date "2014.07.06"]
[Round "1.26"]
[White "Petrukhina, Irina"]
[Black "Guramishvili, Sopiko"]
[Result "0-1"]
[WhiteElo "2156"]
[BlackElo "2402"]
[EventDate "2014.07.06"]
[PlyCount "80"]

1.d4 Nf6 2.c4 g6 3.Nc3 d5 4.cxd5 Nxd5 5.e4 Nxc3 6.bxc3 Bg7 7.Nf3 c5 8.Be3 
Bg4 9.Rb1 Nc6 10.Rxb7 O-O 11.Qa4 Bxf3 12.Qxc6 cxd4 13.cxd4 Rc8 14.Qd5 Qxd5
15.exd5 Bxd5 16.Rxa7 e5 17.dxe5 Bxe5 18.f4 Bf6 19.Rd7 Bh4+ 20.Kd2 Be6 21.
Rd6 Be7 22.Rd4 Bf6 23.Rd6 Ra8 24.Be2 Be7 25.Ra6 Bb4+ 26.Kc1 Rfc8+ 27.Kb2 
Bc3+ 28.Kc1 Bf6+ 29.Kd1 Rxa6 30.Bxa6 Ra8 31.Be2 Rxa2 32.Ke1 Bc3+ 33.Kf2 
Bg4 34.Rc1 Rxe2+ 35.Kg3 Rxe3+ 36.Kxg4 h5+ 37.Kg5 Kg7 38.f5 Bd2 39.f6+ Kh7 
40.Rc2 Re4+ 0-1

[Event "15th EUR-ch (w)"]
[Site "Plovdiv BUL"]
[Date "2014.07.06"]
[Round "1.27"]
[White "Zawadzka, Jolanta"]
[Black "Blagojevic, Tijana"]
[Result "1-0"]
[WhiteElo "2397"]
[BlackElo "2154"]
[EventDate "2014.07.06"]
[PlyCount "69"]

1.e4 e5 2.Nf3 Nc6 3.Bb5 a6 4.Ba4 Nge7 5.O-O g6 6.c3 Bg7 7.d4 exd4 8.cxd4 
b5 9.Bb3 O-O 10.Nc3 Na5 11.Bc2 d6 12.h3 Bb7 13.Bf4 Qd7 14.Re1 Rac8 15.Rc1 
h6 16.Qd3 Nc4 17.b3 Na3 18.Bd1 b4 19.Na4 f5 20.e5 Nd5 21.Bd2 Rce8 22.Nh4 
Qf7 23.f4 Re6 24.Qf1 Nb5 25.Nf3 Qd7 26.Be2 Rfe8 27.Bc4 Bf8 28.Red1 Rb8 29.
Bxd5 Bxd5 30.Bxb4 Bxf3 31.Qxf3 dxe5 32.Bxf8 Nxd4 33.Qf2 Rxf8 34.fxe5 Rxe5 
35.Rxd4 1-0

[Event "15th EUR-ch (w)"]
[Site "Plovdiv BUL"]
[Date "2014.07.06"]
[Round "1.28"]
[White "Kouvatsou, Maria"]
[Black "Foisor, Cristina"]
[Result "0-1"]
[WhiteElo "2152"]
[BlackElo "2383"]
[EventDate "2014.07.06"]
[PlyCount "86"]

1.e4 g6 2.d4 c6 3.c4 d6 4.Nc3 Bg7 5.Nf3 Bg4 6.Be3 Nd7 7.Be2 Qc7 8.O-O Ngf6
9.Qd2 O-O 10.Bh6 e5 11.Bxg7 Kxg7 12.Rfe1 Rfe8 13.h3 Bxf3 14.Bxf3 Qb6 15.
Ne2 a5 16.Rad1 h6 17.Ng3 Rad8 18.h4 Nf8 19.d5 cxd5 20.exd5 Rc8 21.Be2 N8d7
22.Bd3 Nc5 23.Bb1 Qb4 24.Qe2 b5 25.cxb5 Qxh4 26.a3 Nb3 27.Qd3 Nd4 28.Ne4 
Nxe4 29.Rxe4 Qf6 30.Rde1 h5 31.Ba2 Rc2 32.Rf1 Rec8 33.a4 Rxb2 34.Bc4 Rb4 
35.Rc1 Nb3 36.Rc2 Nc5 37.Qe2 Rb1+ 38.Kh2 Nxe4 39.Qxe4 Qf4+ 40.Qxf4 exf4 
41.Bd3 Rxc2 42.Bxc2 Rb4 43.Kg1 Kf6 0-1

[Event "15th EUR-ch (w)"]
[Site "Plovdiv BUL"]
[Date "2014.07.06"]
[Round "1.29"]
[White "Savina, Anastasia"]
[Black "Galunova, Tsveta"]
[Result "1/2-1/2"]
[WhiteElo "2383"]
[BlackElo "2125"]
[EventDate "2014.07.06"]
[PlyCount "91"]

1.Nf3 d5 2.c4 c6 3.e3 e6 4.Nc3 Nf6 5.b3 Bd6 6.Bb2 Nbd7 7.d4 O-O 8.Be2 b6 
9.O-O Bb7 10.Qc2 Rc8 11.e4 dxe4 12.Nxe4 Bb8 13.Rad1 Qc7 14.c5 Nxe4 15.Qxe4
Rfe8 16.g3 Rcd8 17.Qc2 h6 18.b4 Qc8 19.a4 Ba6 20.b5 Bb7 21.Rc1 bxc5 22.
dxc5 e5 23.Nh4 Nf6 24.a5 Qe6 25.a6 Bc8 26.b6 Nd5 27.b7 Bd7 28.Qa4 Qh3 29.
Ng2 e4 30.Qd4 Be5 31.Qxe5 Rxe5 32.Bxe5 e3 33.Nxe3 Nxe3 34.fxe3 Qe6 35.Bf4 
g5 36.Bc4 Qe8 37.b8=Q Rxb8 38.Bxb8 Qxe3+ 39.Kg2 Qe4+ 40.Kg1 Qe3+ 41.Kg2 
Qe4+ 42.Kf2 Qd4+ 43.Ke1 Qe3+ 44.Kd1 Qd4+ 45.Ke1 Qe3+ 46.Kd1 1/2-1/2

[Event "15th EUR-ch (w)"]
[Site "Plovdiv BUL"]
[Date "2014.07.06"]
[Round "1.30"]
[White "Paramzina, Anastasia"]
[Black "Gaponenko, Inna"]
[Result "0-1"]
[WhiteElo "2117"]
[BlackElo "2380"]
[EventDate "2014.07.06"]
[PlyCount "70"]

1.e4 c5 2.Nf3 Nc6 3.d4 cxd4 4.Nxd4 Nf6 5.Nc3 d6 6.Bg5 Bd7 7.Qd2 Nxd4 8.
Qxd4 Qa5 9.f4 e6 10.O-O-O Be7 11.e5 dxe5 12.fxe5 O-O-O 13.Be3 Bc6 14.Qxa7 
Rxd1+ 15.Nxd1 Qxa7 16.Bxa7 Ng4 17.Bd4 Bg5+ 18.Kb1 Rd8 19.c3 Nxe5 20.Nf2 
Ng6 21.b4 Bh4 22.b5 Bd5 23.Nd3 Be4 24.Kb2 e5 25.Nxe5 Nxe5 26.Bxe5 Rd1 27.
a4 f6 28.Bd4 f5 29.Bxg7 Bf2 30.a5 h5 31.b6 h4 32.h3 Be3 33.Bf6 Bf2 34.Bc4 
Rxh1 35.a6 Bxb6 0-1

[Event "15th EUR-ch (w)"]
[Site "Plovdiv BUL"]
[Date "2014.07.06"]
[Round "1.31"]
[White "Schleining, Zoya"]
[Black "Sargsian, Shushanna"]
[Result "1-0"]
[WhiteElo "2376"]
[BlackElo "2107"]
[EventDate "2014.07.06"]
[PlyCount "111"]

1.f4 d5 2.Nf3 c5 3.e3 Nc6 4.Bb5 Qb6 5.a4 Nf6 6.O-O Bg4 7.Nc3 a5 8.b3 e6 9.
h3 Bh5 10.Bb2 Rd8 11.Ne2 Be7 12.g4 Bg6 13.d3 O-O 14.Ng3 h6 15.Qe1 Nb4 16.
Rc1 Nd7 17.Bxd7 Rxd7 18.Ne5 Rdd8 19.f5 exf5 20.gxf5 Bh7 21.Nh5 d4 22.f6 
Bd6 23.fxg7 Bxe5 24.gxf8=Q+ Kxf8 25.Nf4 Qd6 26.Qh4 Nc6 27.Rce1 Ke8 28.e4 
Kd7 29.Kh1 f5 30.Bc1 Kc8 31.Rg1 Rf8 32.Nd5 fxe4 33.dxe4 Kb8 34.Ref1 Rd8 
35.Rg4 Rf8 36.Rgg1 Re8 37.Nb6 Bh2 38.Nc4 Qc7 39.Bf4 Bxf4 40.Rxf4 Nb4 41.
Rg2 d3 42.c3 Nc6 43.Rgf2 Ne5 44.Rf8 Rxf8 45.Rxf8+ Ka7 46.Nd2 Nc6 47.Qf4 
Qg7 48.Rf7 Qxc3 49.Rxh7 Nd4 50.Qf7 Qb4 51.Qc4 Qb6 52.Qxd3 Qg6 53.Rd7 Qe6 
54.Rxd4 cxd4 55.Qxd4+ b6 56.Kh2 1-0

[Event "15th EUR-ch (w)"]
[Site "Plovdiv BUL"]
[Date "2014.07.06"]
[Round "1.32"]
[White "Yordanova, Svetla"]
[Black "Charochkina, Daria"]
[Result "0-1"]
[WhiteElo "2101"]
[BlackElo "2375"]
[EventDate "2014.07.06"]
[PlyCount "87"]

1.d4 Nf6 2.c4 g6 3.f3 d5 4.cxd5 Nxd5 5.e4 Nb6 6.Be3 Bg7 7.Qd2 O-O 8.Nc3 
Nc6 9.O-O-O e5 10.d5 Nd4 11.f4 Bg4 12.Re1 c5 13.h3 Bd7 14.fxe5 Bxe5 15.Nf3
Nxf3 16.gxf3 f5 17.Kb1 fxe4 18.fxe4 Qe7 19.Bd3 Rf3 20.h4 h5 21.Bg5 Qg7 22.
Rc1 Bg4 23.Rhf1 Raf8 24.Bh6 Rxd3 25.Bxg7 Rxd2 26.Bxf8 Nc4 27.Bxc5 Rxb2+ 
28.Ka1 Rh2 29.a4 Nd2 30.Rf8+ Kg7 31.Rf2 Rxf2 32.Bxf2 Nb3+ 33.Kb2 Nxc1 34.
Kxc1 Bxc3 35.Kc2 Bf6 36.Bxa7 Bxh4 37.Bd4+ Kf7 38.e5 Bf3 39.e6+ Ke7 40.Bc5+
Kf6 41.e7 Kf7 42.d6 Bc6 43.Kb3 Bg3 44.Kb4 0-1

[Event "15th EUR-ch (w)"]
[Site "Plovdiv BUL"]
[Date "2014.07.06"]
[Round "1.33"]
[White "Szczepkowska-Horowska, Karina"]
[Black "Mareckova, Martina"]
[Result "1-0"]
[WhiteElo "2369"]
[BlackElo "2094"]
[EventDate "2014.07.06"]
[PlyCount "55"]

1.e4 e5 2.Nf3 Nc6 3.Bb5 a6 4.Ba4 d6 5.O-O Nf6 6.Re1 Bd7 7.c3 g6 8.d4 b5 9.
Bb3 Bg7 10.Nbd2 O-O 11.h3 Nh5 12.Nf1 Na5 13.Bc2 Nf4 14.Ng3 Qe7 15.Nh2 c5 
16.dxc5 dxc5 17.Qf3 Ne6 18.Ng4 Ng5 19.Qe2 Rad8 20.a4 Nb7 21.axb5 axb5 22.
Ne3 Bc6 23.Ra6 Rd6 24.Rxc6 Rxc6 25.Nd5 Qd7 26.Bxg5 f6 27.Qxb5 Kh8 28.Ba4 
1-0

[Event "15th EUR-ch (w)"]
[Site "Plovdiv BUL"]
[Date "2014.07.06"]
[Round "1.34"]
[White "Vovk, Oksana"]
[Black "Guseva, Marina"]
[Result "1/2-1/2"]
[WhiteElo "2083"]
[BlackElo "2362"]
[EventDate "2014.07.06"]
[PlyCount "166"]

1.d4 d5 2.c4 c6 3.cxd5 cxd5 4.Nf3 Nc6 5.Bf4 Nf6 6.Nc3 e6 7.e3 Nh5 8.Be5 f6
9.Bg3 Nxg3 10.hxg3 g6 11.Rc1 Be7 12.Bd3 Kf7 13.a3 Bd7 14.O-O Rc8 15.e4 
dxe4 16.Bxe4 Re8 17.d5 exd5 18.Bxd5+ Kg7 19.Ne4 b6 20.Qd2 f5 21.Neg5 Ne5 
22.Rxc8 Bxc8 23.Rd1 Nxf3+ 24.Nxf3 Bf6 25.Qc2 Qe7 26.Re1 Qd7 27.Rxe8 Qxe8 
28.b4 Qd7 29.Bb3 b5 30.Qc5 a6 31.Ne5 Qd8 32.Qa7+ Qe7 33.Qxe7+ Bxe7 34.Bd5 
Bf6 35.Nd3 Kf8 36.Kf1 Ke7 37.Ke2 Kd6 38.Bg8 h6 39.Ke3 g5 40.Bb3 Bb7 41.f3 
Bc6 42.Bc2 Bd7 43.Nc5 Bc8 44.Nd3 Bc3 45.Bb3 Bf6 46.Bc2 Bd8 47.Nc1 Bb6+ 48.
Kd3 Ke5 49.Bb3 Bb7 50.Ke2 Kd4 51.Be6 Kc3 52.Nd3 Bc6 53.Ne5 Be8 54.Nd3 Bc7 
55.Bxf5 Bxg3 56.Nc5 Kb2 57.Nxa6 Kxa3 58.Kd3 Be1 59.Nc7 Bc6 60.Be4 Bd7 61.
Kd4 Kxb4 62.Bd3 Bf2+ 63.Kd5 Bg3 64.Na6+ Kc3 65.Nc5 Bf2 66.Bxb5 Bxb5 67.
Ne4+ Kd3 68.Nxf2+ Ke2 69.Ng4 h5 70.Nf6 h4 71.Ne4 Kf1 72.Nxg5 Kxg2 73.Ke4 
Kg3 74.Ke3 Ba6 75.Ke4 Bb7+ 76.Ke3 Kg2 77.Kf4 Bc8 78.Ke3 Kg3 79.Ke4 Bb7+ 
80.Ke3 Bxf3 81.Nxf3 h3 82.Ke2 h2 83.Nxh2 Kxh2 1/2-1/2

[Event "15th EUR-ch (w)"]
[Site "Plovdiv BUL"]
[Date "2014.07.06"]
[Round "1.35"]
[White "Bulmaga, Irina"]
[Black "Sazonova, Anastasia"]
[Result "1-0"]
[WhiteElo "2357"]
[BlackElo "2082"]
[EventDate "2014.07.06"]
[PlyCount "73"]

1.e4 c5 2.Nf3 Nc6 3.Bb5 e6 4.Bxc6 bxc6 5.O-O Ne7 6.d3 Ng6 7.Ng5 f6 8.Nh3 
d5 9.f4 Bd6 10.c4 O-O 11.Qe2 Re8 12.g3 Qe7 13.Nf2 Bb7 14.Nc3 Rad8 15.Na4 
Bc7 16.b3 Ba5 17.Be3 d4 18.Bd2 Bc7 19.Qe1 Rd7 20.Ba5 Bb8 21.Rb1 Rc8 22.Bd2
Ba8 23.b4 Bd6 24.bxc5 Bxc5 25.e5 fxe5 26.fxe5 Rb7 27.Rxb7 Bxb7 28.Ne4 Ba3 
29.c5 Ba6 30.Bg5 Qc7 31.Nd6 Rf8 32.Rxf8+ Nxf8 33.Qd1 Qa5 34.Bd2 Bb4 35.Qf3
h6 36.Qf7+ Kh7 37.Ne8 1-0

[Event "15th EUR-ch (w)"]
[Site "Plovdiv BUL"]
[Date "2014.07.06"]
[Round "1.39"]
[White "Shadrina, Tatiana"]
[Black "Nevioselaya, Maria"]
[Result "0-1"]
[WhiteElo "2348"]
[BlackElo "2039"]
[EventDate "2014.07.06"]
[PlyCount "108"]

1.e4 e5 2.Nf3 Nc6 3.Bb5 a6 4.Ba4 Nf6 5.O-O Be7 6.Re1 b5 7.Bb3 d6 8.c3 O-O 
9.h3 Nb8 10.d4 Nbd7 11.Nbd2 Bb7 12.Bc2 Re8 13.Nf1 Bf8 14.Ng3 g6 15.a4 c5 
16.d5 c4 17.Bg5 h6 18.Be3 Nc5 19.Qd2 h5 20.Ra3 Nfd7 21.Rea1 Bg7 22.Qd1 Qe7
23.Ne2 Nb6 24.axb5 axb5 25.Rxa8 Rxa8 26.Ra3 Nba4 27.Qa1 Qd8 28.Nd2 Qe8 29.
Nc1 Kh7 30.Bxc5 Nxc5 31.Rxa8 Bxa8 32.Na2 Bb7 33.Nb4 Bh6 34.Nb1 Qd8 35.Na3 
Qb6 36.Qb1 Bc8 37.Qd1 Bd7 38.Kh2 Bf4+ 39.g3 Bh6 40.Kg2 Qb7 41.Qf1 Qc8 42.
Kh2 h4 43.g4 Qd8 44.Kg2 Qg5 45.Nc6 Bxg4 46.hxg4 Qxg4+ 47.Kh1 h3 48.f3 Qg3 
49.Nb4 Bf4 50.Qe2 g5 51.Bd1 Be3 52.Qf1 h2 53.Qg2 Qe1+ 54.Kxh2 Bf4+ 0-1

[Event "15th EUR-ch (w)"]
[Site "Plovdiv BUL"]
[Date "2014.07.06"]
[Round "1.40"]
[White "Ivanova, Simoneta"]
[Black "Cosma, Elena-Luminita"]
[Result "0-1"]
[WhiteElo "2038"]
[BlackElo "2344"]
[EventDate "2014.07.06"]
[PlyCount "88"]

1.d4 d5 2.c4 e6 3.Nf3 Nf6 4.g3 dxc4 5.Bg2 a6 6.O-O b5 7.Ne5 Nd5 8.a4 Bb7 
9.axb5 axb5 10.Rxa8 Bxa8 11.e4 Nf6 12.Nc3 c6 13.d5 Bd6 14.Ng4 e5 15.Bg5 b4
16.Na4 cxd5 17.Bxf6 gxf6 18.exd5 Bb7 19.Ne3 Ba6 20.Qg4 Nd7 21.Qg7 Rf8 22.
Rc1 Qa5 23.Nf5 Bb8 24.b3 cxb3 25.Qxh7 Qxa4 26.Ng7+ Kd8 27.Ne6+ Ke7 28.Nxf8
Nxf8 29.Qe4 b2 30.Rb1 Bd6 31.h4 Qb3 32.Bf1 Bxf1 33.Kxf1 Nd7 34.Qe2 Qxd5 
35.f3 Nc5 36.Rxb2 Ne6 37.h5 Nd4 38.Qe4 Qxe4 39.fxe4 Kf8 40.Ra2 b3 41.Ra6 
Bb4 42.Rb6 Nc6 43.Rxc6 b2 44.Rc8+ Kg7 0-1

[Event "15th EUR-ch (w)"]
[Site "Plovdiv BUL"]
[Date "2014.07.06"]
[Round "1.41"]
[White "Kulon, Klaudia"]
[Black "Azimova, Karina"]
[Result "1-0"]
[WhiteElo "2341"]
[BlackElo "2033"]
[EventDate "2014.07.06"]
[PlyCount "123"]

1.c4 e5 2.g3 d6 3.Bg2 f5 4.Nc3 Nf6 5.e3 Be7 6.Nge2 O-O 7.d3 c6 8.O-O Kh8 
9.d4 e4 10.d5 c5 11.h4 Nbd7 12.Nf4 Ne5 13.Qe2 Nfg4 14.a3 Bxh4 15.gxh4 Qxh4
16.Nh3 f4 17.exf4 Nf3+ 18.Bxf3 Qxh3 19.Bxg4 Bxg4 20.f3 Bxf3 21.Qh2 Qf5 22.
Kf2 Qf6 23.Be3 Qd8 24.Ke1 Rf6 25.Qc2 Rg6 26.Kd2 Qf6 27.Rf2 Re8 28.Re1 h5 
29.Kc1 Qh4 30.Kb1 Qg4 31.Ka2 h4 32.Rh2 Rh6 33.Rg1 Qf5 34.Rg5 Qd7 35.Qf2 h3
36.f5 Rh7 37.Qg3 Bg2 38.Nb5 Re5 39.f6 Rxg5 40.Bxg5 Rh5 41.Nxd6 gxf6 42.
Bxf6+ Kh7 43.Bc3 Qe7 44.Qf4 e3 45.Nc8 Qd7 46.Qf8 Qg4 47.Nd6 Qd7 48.Nf7 Qg4
49.Qh8+ Kg6 50.Ne5+ Rxe5 51.Qg8+ Kf5 52.Qc8+ Kg5 53.Qd8+ Kf5 54.Qd7+ Kg5 
55.Qg7+ Kh4 56.Be1+ Kh5 57.Qxe5+ Kg6 58.Qe8+ Kh7 59.Qf7+ Kh6 60.Qf6+ Kh5 
61.Qf7+ Kh6 62.d6 1-0

[Event "15th EUR-ch (w)"]
[Site "Plovdiv BUL"]
[Date "2014.07.06"]
[Round "1.42"]
[White "Bokuchava, Madona"]
[Black "Kocetkova, Julia"]
[Result "0-1"]
[WhiteElo "2027"]
[BlackElo "2333"]
[EventDate "2014.07.06"]
[PlyCount "86"]

1.d4 Nf6 2.Nf3 d5 3.c4 e6 4.Nc3 c6 5.e3 Nbd7 6.Qc2 Bd6 7.b3 O-O 8.Bb2 b6 
9.Be2 Qe7 10.O-O Bb7 11.e4 dxe4 12.Nxe4 Nxe4 13.Qxe4 Rad8 14.Rad1 a5 15.
Bd3 f5 16.Qe2 Rde8 17.Rfe1 c5 18.Bb1 cxd4 19.Nxd4 Be5 20.Nb5 Bb8 21.f3 e5 
22.Qd2 Nc5 23.Nd6 Bxd6 24.Qxd6 Qg5 25.Bc1 f4 26.Qxb6 Bxf3 27.Rd2 Nd7 28.
Qf2 Bc6 29.Be4 Bxe4 30.Rxd7 Bc6 31.Rd6 Ba8 32.c5 Rc8 33.h4 Qf5 34.Bb2 Rfe8
35.Bc3 e4 36.Bd4 Bc6 37.a3 Qg4 38.b4 e3 39.Qa2+ Kh8 40.Qb2 e2 41.Rxc6 Rxc6
42.Qb3 Rg6 43.Qd5 f3 0-1

[Event "15th EUR-ch (w)"]
[Site "Plovdiv BUL"]
[Date "2014.07.06"]
[Round "1.43"]
[White "Kursova, Maria"]
[Black "Mammadova, Narmin"]
[Result "1-0"]
[WhiteElo "2331"]
[BlackElo "2019"]
[EventDate "2014.07.06"]
[PlyCount "75"]

1.d4 d5 2.Nf3 Nf6 3.c4 c6 4.e3 Bf5 5.Nc3 e6 6.Nh4 Be4 7.f3 Bg6 8.Qb3 Qc7 
9.Bd2 Be7 10.Nxg6 hxg6 11.g3 Bd6 12.f4 Nbd7 13.Bg2 Qb6 14.c5 Qxb3 15.axb3 
Bc7 16.b4 Ke7 17.b5 Rhb8 18.Ke2 Bd8 19.b4 cxb5 20.Nxb5 a6 21.Nc3 Rc8 22.
Rhb1 Kf8 23.Bf3 Be7 24.g4 Rab8 25.g5 Ne8 26.e4 dxe4 27.Bxe4 Kg8 28.h4 Nf8 
29.b5 axb5 30.Rxb5 Rc7 31.Ra7 Rd8 32.Rbxb7 Rxb7 33.Rxb7 Rd7 34.Rxd7 Nxd7 
35.Bc6 Nxc5 36.dxc5 Nc7 37.Na4 Na6 38.Be3 1-0

[Event "15th EUR-ch (w)"]
[Site "Plovdiv BUL"]
[Date "2014.07.06"]
[Round "1.44"]
[White "Avramidou, Anastasia"]
[Black "Mammadova, Gulnar"]
[Result "1/2-1/2"]
[WhiteElo "2007"]
[BlackElo "2331"]
[EventDate "2014.07.06"]
[PlyCount "74"]

1.d4 d5 2.c4 c6 3.Nc3 Nf6 4.Nf3 e6 5.Bg5 h6 6.Bh4 Be7 7.e3 dxc4 8.Bxc4 b5 
9.Be2 Bb7 10.O-O Nbd7 11.Rc1 O-O 12.Qc2 Rc8 13.Rfd1 a6 14.Ne5 Nxe5 15.dxe5
Nd7 16.Bg3 Qc7 17.Ne4 c5 18.Nf6+ gxf6 19.exf6 Qd8 20.fxe7 Qxe7 21.e4 Rfd8 
22.Qd2 Qf6 23.Qe3 c4 24.Bf3 Ne5 25.Rxd8+ Rxd8 26.Bxe5 Qxe5 27.Qxh6 Rd4 28.
Re1 Bxe4 29.h4 Qd5 30.Re3 Bxf3 31.Rxf3 Rd3 32.Rf4 Rd4 33.Rf3 Rd3 34.Rf4 
Rd4 35.Rf3 Rd3 36.Rf4 Rd4 37.Rf3 Rd3 1/2-1/2

[Event "15th EUR-ch (w)"]
[Site "Plovdiv BUL"]
[Date "2014.07.06"]
[Round "1.45"]
[White "Ovod, Evgenia"]
[Black "Vasova, Maria"]
[Result "1-0"]
[WhiteElo "2330"]
[BlackElo "1991"]
[EventDate "2014.07.06"]
[PlyCount "79"]

1.d4 Nf6 2.Bg5 Ne4 3.Bf4 d5 4.e3 g6 5.Bd3 Nf6 6.h3 Bg7 7.Nf3 O-O 8.c4 c5 
9.Nc3 cxd4 10.exd4 Nc6 11.O-O Nb4 12.c5 Nxd3 13.Qxd3 Bf5 14.Qe3 Ne4 15.Bh6
Nxc3 16.Bxg7 Kxg7 17.Qxc3 Qc7 18.b4 f6 19.Rfe1 Rfe8 20.Re3 Rad8 21.Rae1 g5
22.b5 h5 23.Qb4 e6 24.Ra3 Ra8 25.Rxa7 Rxa7 26.b6 Qb8 27.bxa7 Qxa7 28.Re3 
Ra8 29.Qb5 Kg6 30.Rb3 Qxa2 31.Qxb7 Qa1+ 32.Kh2 Qa7 33.Qc6 Qa4 34.Qb6 Ra6 
35.Qb8 Ra8 36.Qg3 Kh6 37.Rb7 Ra7 38.c6 Qa6 39.Qc7 Rxb7 40.cxb7 1-0

[Event "15th EUR-ch (w)"]
[Site "Plovdiv BUL"]
[Date "2014.07.06"]
[Round "1.46"]
[White "Kaya, Emel"]
[Black "Vasilevich, Irina"]
[Result "1/2-1/2"]
[WhiteElo "1987"]
[BlackElo "2328"]
[EventDate "2014.07.06"]
[PlyCount "110"]

1.e4 c5 2.Nf3 e6 3.d4 cxd4 4.Nxd4 a6 5.c4 Nf6 6.Nc3 Bb4 7.Qf3 Qb6 8.Nc2 
Bxc3+ 9.bxc3 Nc6 10.Be2 O-O 11.Ba3 Ne5 12.Qe3 Qxe3 13.Nxe3 Nxe4 14.Bxf8 
Kxf8 15.f4 Ng6 16.O-O Nxc3 17.Bd3 b6 18.a4 Bb7 19.Ra3 Ne4 20.Bxe4 Bxe4 21.
Rb3 Bc6 22.Rxb6 Bxa4 23.g3 Bc6 24.Rfb1 Ke7 25.c5 a5 26.Nc4 a4 27.Rb8 Ra7 
28.Ra1 Kf6 29.Ra3 Ne7 30.Ne5 Kf5 31.Nxf7 Ra5 32.Ne5 Rxc5 33.Rf8+ Ke4 34.
Nxc6 Nxc6 35.Rxa4+ Nd4 36.Rb8 Rc2 37.Rbb4 Rd2 38.Kf1 d6 39.Ra6 e5 40.Ke1 
Rxh2 41.Kd1 Rg2 42.Rxd6 Rxg3 43.fxe5 Rd3+ 44.Kc1 Kxe5 45.Ra6 Nf5 46.Ra5+ 
Kf6 47.Rg4 g6 48.Ra6+ Nd6 49.Kc2 Rd5 50.Rg3 Ke5 51.Re3+ Kf4 52.Rh3 h5 53.
Rd3 Rc5+ 54.Kb3 Nf5 55.Rxg6 h4 1/2-1/2

[Event "15th EUR-ch (w)"]
[Site "Plovdiv BUL"]
[Date "2014.07.06"]
[Round "1.48"]
[White "Sop, Selen"]
[Black "Videnova, Iva"]
[Result "0-1"]
[WhiteElo "1970"]
[BlackElo "2315"]
[EventDate "2014.07.06"]
[PlyCount "79"]

1.e4 c5 2.Nf3 d6 3.d4 cxd4 4.Nxd4 Nf6 5.Nc3 g6 6.Be3 Bg7 7.f3 Nc6 8.Qd2 
O-O 9.g4 Be6 10.Nxe6 fxe6 11.O-O-O Ne5 12.Be2 Rc8 13.Nb5 Qd7 14.h4 Nxf3 
15.Bxf3 Qxb5 16.Bd4 Nd7 17.Bxg7 Kxg7 18.Be2 Qe5 19.Kb1 h6 20.h5 g5 21.Rhf1
Nc5 22.Bd3 b6 23.Rde1 Rxf1 24.Rxf1 Rf8 25.Rxf8 Kxf8 26.a3 Qd4 27.Qe2 Kg7 
28.e5 d5 29.Bg6 Ne4 30.Qb5 Nd2+ 31.Kc1 Qe3 32.Kd1 Nc4 33.Qb4 Qc5 34.Qe1 
Qd4+ 35.Bd3 Nxb2+ 36.Kc1 Nxd3+ 37.cxd3 Qxd3 38.Kb2 Qd4+ 39.Kb1 Qxg4 40.Qb4
0-1

[Event "15th EUR-ch (w)"]
[Site "Plovdiv BUL"]
[Date "2014.07.06"]
[Round "1.51"]
[White "Ptacnikova, Lenka"]
[Black "Soyunlu, Narmin"]
[Result "0-1"]
[WhiteElo "2310"]
[BlackElo "1936"]
[EventDate "2014.07.06"]
[PlyCount "67"]

1.c4 Nf6 2.g3 c6 3.Nf3 d5 4.Bg2 Bf5 5.b3 h6 6.Bb2 e6 7.O-O Nbd7 8.d3 Be7 
9.Nc3 Bh7 10.Rc1 O-O 11.Re1 a5 12.cxd5 exd5 13.d4 Re8 14.Nd2 Nb6 15.e4 
dxe4 16.Ndxe4 Nxe4 17.Nxe4 Bxe4 18.Bxe4 Bf6 19.Qf3 Qd6 20.Red1 a4 21.Bc2 
a3 22.Ba1 Nd5 23.Bb1 Nb4 24.Bc3 Nd5 25.Bd2 Bd8 26.Qf5 Nf6 27.Bf4 Qe6 28.
Qd3 Qe2 29.Re1 Qxd3 30.Bxd3 Bb6 31.Be5 Nd5 32.Red1 Rad8 33.b4 f6 34.Bf4 
0-1

[Event "15th EUR-ch (w)"]
[Site "Plovdiv BUL"]
[Date "2014.07.06"]
[Round "1.52"]
[White "Salimova, Nurgyul"]
[Black "Sandu, Mihaela"]
[Result "0-1"]
[WhiteElo "1908"]
[BlackElo "2308"]
[EventDate "2014.07.06"]
[PlyCount "132"]

1.d4 Nf6 2.c4 g6 3.Nc3 Bg7 4.e4 d6 5.Be2 O-O 6.Bg5 c5 7.d5 a6 8.h4 b5 9.
cxb5 axb5 10.e5 dxe5 11.Bxb5 Ba6 12.Bxf6 Bxf6 13.Bxa6 Nxa6 14.Nge2 e4 15.
Qc2 Bxc3+ 16.Nxc3 f5 17.O-O Nb4 18.Qb3 Nd3 19.d6+ Kh8 20.dxe7 Qxe7 21.Nd5 
Qg7 22.Qc3 Qxc3 23.bxc3 Rfb8 24.f3 Kg7 25.fxe4 fxe4 26.a4 c4 27.a5 Ra6 28.
Ra4 Rb5 29.Nc7 Raxa5 30.Rxc4 Re5 31.Rd4 Nc5 32.c4 e3 33.Nb5 e2 34.Re1 Ra2 
35.Nc3 Rc2 36.Nb1 Ne4 37.Rd3 Nc5 38.Rc3 Rb2 39.Na3 Re4 40.Nc2 Na4 41.Re3 
Rxc4 42.Na3 Rc3 43.Rxc3 Nxc3 44.Nc4 Rb4 45.Nd2 Rxh4 46.Nf3 Re4 47.Nd2 Re7 
48.Kf2 Nd1+ 49.Kg3 g5 50.Nf3 Kg6 51.Ng1 Re3+ 52.Kh2 Nc3 53.g4 Re4 54.Kg3 
Kf6 55.Nf3 Nd5 56.Rh1 Nf4 57.Ne1 Kg6 58.Kf3 Rb4 59.Nc2 Rc4 60.Ne1 Rc1 61.
Rg1 Nd3 62.Kxe2 Rxe1+ 63.Rxe1 Nxe1 64.Kxe1 Kf6 65.Kf2 Ke5 66.Ke3 h6 0-1

[Event "15th EUR-ch (w)"]
[Site "Plovdiv BUL"]
[Date "2014.07.06"]
[Round "1.53"]
[White "Nikolova, Adriana"]
[Black "Antova, Gabriela"]
[Result "1-0"]
[WhiteElo "2303"]
[BlackElo "1876"]
[EventDate "2014.07.06"]
[PlyCount "85"]

1.e4 c5 2.Nf3 d6 3.c3 Nf6 4.h3 Bd7 5.Bd3 g6 6.O-O Bg7 7.Bc2 O-O 8.d4 cxd4 
9.cxd4 e6 10.Nc3 Nc6 11.Bf4 Ne8 12.e5 dxe5 13.dxe5 Rc8 14.Qe2 Nb4 15.Bb3 
Bc6 16.Rfd1 Qa5 17.Nd4 Nc7 18.a3 Nbd5 19.Bxd5 Nxd5 20.Nxd5 Bxd5 21.Qb5 
Qxb5 22.Nxb5 Rc2 23.b4 g5 24.Bxg5 Bxe5 25.Rac1 Rxc1 26.Rxc1 a6 27.Nc3 Rc8 
28.Nxd5 Rxc1+ 29.Bxc1 exd5 30.g4 b5 31.f4 Bc3 32.Kf2 Kg7 33.Ke3 Kf6 34.Kd3
Ba1 35.Be3 Ke6 36.Bd4 Bxd4 37.Kxd4 Kd6 38.h4 Ke6 39.f5+ Kf6 40.Kxd5 h5 41.
gxh5 Kxf5 42.h6 Kg6 43.Ke5 1-0

[Event "15th EUR-ch (w)"]
[Site "Plovdiv BUL"]
[Date "2014.07.06"]
[Round "1.54"]
[White "Shivacheva, Donika"]
[Black "Ambartsumova, Karina"]
[Result "0-1"]
[WhiteElo "1790"]
[BlackElo "2301"]
[EventDate "2014.07.06"]
[PlyCount "116"]

1.e4 c5 2.Nc3 Nc6 3.f4 g6 4.Bb5 Nd4 5.Nf3 Nxb5 6.Nxb5 Bg7 7.Nc3 d6 8.O-O 
Nf6 9.d3 O-O 10.Qe1 e6 11.Qh4 Nd7 12.Qh3 Nb8 13.e5 d5 14.Nb5 Nc6 15.c3 Bd7
16.Nd6 b6 17.g4 f6 18.d4 cxd4 19.cxd4 Nb4 20.Bd2 a5 21.a3 Nd3 22.Rab1 Qe7 
23.Qh4 h6 24.Qg3 fxe5 25.fxe5 g5 26.Nxg5 Nxe5 27.dxe5 hxg5 28.Rbc1 Rxf1+ 
29.Rxf1 Be8 30.Rc1 Bg6 31.Be3 Rb8 32.Bd4 b5 33.Rc5 Qxd6 34.exd6 Bxd4+ 35.
Kg2 Bxc5 36.d7 Rf8 37.h4 Be4+ 38.Kh3 Kf7 39.Qc7 Be7 40.h5 b4 41.axb4 axb4 
42.b3 Rd8 43.Kg3 Bf6 44.Qd6 d4 45.Kf2 Bd5 46.Ke2 Be7 47.Qc7 Bxb3 48.Kd3 
Ba4 49.Qb7 Rxd7 50.Qe4 Bf6 51.Qh7+ Kf8 52.Qg6 Ke7 53.h6 b3 54.h7 Rd8 55.
Qe4 Rb8 56.Kd2 b2 57.Qb1 Bc6 58.Kd3 Bd5 0-1

[Event "15th EUR-ch (w)"]
[Site "Plovdiv BUL"]
[Date "2014.07.06"]
[Round "1.55"]
[White "Golubenko, Valentina"]
[Black "Balimezova, Margarita"]
[Result "1-0"]
[WhiteElo "2292"]
[BlackElo "1631"]
[EventDate "2014.07.06"]
[PlyCount "47"]

1.d4 Nf6 2.Nf3 g6 3.c4 Bg7 4.g3 d6 5.Bg2 O-O 6.O-O Nbd7 7.Nc3 e5 8.e4 h6 
9.h3 Nh5 10.Be3 Kh7 11.Rc1 c6 12.b4 Qe8 13.d5 c5 14.Nb5 Qe7 15.bxc5 Nxc5 
16.Bxc5 dxc5 17.d6 Qd7 18.Qd5 Qc6 19.Nc7 Rb8 20.Rfd1 Be6 21.Nxe6 fxe6 22.
Qxe6 Rfe8 23.Qf7 Red8 24.Nxe5 1-0

[Event "15th EUR-ch (w)"]
[Site "Plovdiv BUL"]
[Date "2014.07.06"]
[Round "1.57"]
[White "Fuchs, Judith"]
[Black "Brezalieva, Steliyana"]
[Result "1-0"]
[WhiteElo "2280"]
[BlackElo "1456"]
[EventDate "2014.07.06"]
[PlyCount "101"]

1.e4 c5 2.Nf3 d6 3.d4 cxd4 4.Nxd4 Nf6 5.Nc3 g6 6.Be3 Bg7 7.f3 O-O 8.Qd2 
Nc6 9.Bc4 Bd7 10.O-O-O Rc8 11.Bb3 Nxd4 12.Bxd4 b5 13.Nd5 Nxd5 14.Bxg7 Kxg7
15.exd5 a5 16.a3 b4 17.axb4 axb4 18.Qxb4 Rc5 19.Rhe1 Re8 20.Rd4 Qc7 21.Rc4
Rxc4 22.Qxc4 Qa5 23.Qc3+ Qxc3 24.bxc3 e6 25.dxe6 Bxe6 26.Rd1 Rd8 27.c4 Rd7
28.Kb2 Kf6 29.Kc3 Ke7 30.Ra1 Rc7 31.Kd4 h5 32.Ra5 Rb7 33.h4 Kd7 34.Ba4+ 
Ke7 35.Bb3 Kd7 36.g3 Ke7 37.Rb5 Ra7 38.c5 dxc5+ 39.Rxc5 Ra3 40.Re5 Kf6 41.
Bxe6 fxe6 42.Re3 Ra4+ 43.c4 e5+ 44.Rxe5 Rxc4+ 45.Kxc4 Kxe5 46.Kc5 Kf6 47.
Kd6 Kf7 48.Ke5 Ke7 49.f4 Kf7 50.f5 Kg7 51.Ke6 1-0

[Event "15th EUR-ch (w)"]
[Site "Plovdiv BUL"]
[Date "2014.07.06"]
[Round "1.58"]
[White "Krasteva, Beloslava"]
[Black "Galoian, Lilit"]
[Result "0-1"]
[WhiteElo "1361"]
[BlackElo "2277"]
[EventDate "2014.07.06"]
[PlyCount "52"]

1.d4 Nf6 2.Nf3 e6 3.c4 c5 4.e3 b6 5.Nc3 d6 6.b3 Be7 7.Bb2 O-O 8.Bd3 Nbd7 
9.O-O Re8 10.d5 exd5 11.cxd5 a6 12.a4 Nf8 13.Qc2 Ng6 14.Rad1 Bg4 15.Be2 
Qc8 16.Ne1 Rb8 17.Bxg4 Nxg4 18.Nd3 f5 19.Ne2 Nf6 20.Ndf4 Nf8 21.Ng3 g6 22.
Qc3 b5 23.h4 bxa4 24.bxa4 Qb7 25.Rb1 N8d7 26.h5 Kf7 0-1